2021-22 EFL Championship Table - Statistics

General Stats
  • This quiz has been taken 17 times
  • The average score is 19 of 24
Answer Stats
Place Points Team % Correct
24 30 Barnsley
92%
23 34 Derby County
92%
1 90 Fulham
92%
2 88 Bournemouth
85%
17 55 Bristol City
85%
3 82 Huddersfield Town
85%
4 80 Nottingham Forest
85%
5 75 Sheffield United
85%
15 21 Swansea City
85%
20 47 Birmingham City
77%
8 69 Blackburn Rovers
77%
18 53 Cardiff City
77%
6 75 Luton Town
77%
9 69 Millwall
77%
13 64 Preston North End
77%
14 62 Stoke City
77%
16 20 Blackpool
69%
12 64 Coventry City
69%
19 51 Hull City
69%
7 70 Middlesbrough
69%
22 37 Peterborough United
69%
11 66 Queens Park Rangers
69%
10 67 West Bromwich Albion
69%
21 41 Reading
62%
No matching quizzes found
Score Distribution
Percent of People with Each Score
Percentile by Number Answered
Your Score History
You have not taken this quiz